logo

Bir Sreshtho Munshi Abdur Rouf Library
Jhenaidah Cadet College

Dive in / (Record no. 8392)

MARC details
000 -LEADER
fixed length control field 00684cam a2200265 i 4500
001 - CONTROL NUMBER
JCCL Control Number 8392
003 - CONTROL NUMBER IDENTIFIER
JCCL marc code BD-JhCC
005 - DATE AND TIME OF LATEST TRANSACTION
control field 20180925091623.0
008 - FIXED-LENGTH DATA ELEMENTS--GENERAL INFORMATION
fixed length control field 180925s1974 vaua b 000 0 eng
020 ## - INTERNATIONAL STANDARD BOOK NUMBER
International Standard Book Number 0829240985
035 ## - SYSTEM CONTROL NUMBER
system control number (BD-JhCC)8392
040 ## - CATALOGING SOURCE
Original cataloging agency DLC
Transcribing agency DLC
Description conventions rda
Modifying agency DLC
-- BD-JhCC
041 ## - LANGUAGE CODE
Language code of Book eng
050 00 - LIBRARY OF CONGRESS CALL NUMBER
Classification number Q183.3.A1
Item number D68 2017
082 00 - DEWEY DECIMAL CLASSIFICATION NUMBER
Classification number 418.4
DDC Edition number 23
Author mark and Year FAY 1974
100 ## - MAIN ENTRY--PERSONAL NAME
Personal name Fay, Leo
245 00 - TITLE STATEMENT
Title Dive in /
Statement of responsibility, etc Leo Fay
260 ## - PUBLICATION, DISTRIBUTION, ETC. (IMPRINT)
Place of publication, distribution, etc Chicago :
Name of publisher, distributor, etc The Riverside Publishing,
Date of publication, distribution, etc 1974
300 ## - PHYSICAL DESCRIPTION
Pagination 176 p. :
Other physical details ill.;
Dimensions 23 cm
650 ## - SUBJECT ADDED ENTRY--TOPICAL TERM
Topical term or geographic name as entry element Reading (Elementary)
650 ## - SUBJECT ADDED ENTRY--TOPICAL TERM
Topical term or geographic name as entry element Children's literature
650 ## - SUBJECT ADDED ENTRY--TOPICAL TERM
Topical term or geographic name as entry element Reading (Primary)
942 ## - ADDED ENTRY ELEMENTS (KOHA)
Source of classification or shelving scheme Dewey Decimal Classification
Koha item type Books
Holdings
Source of classification or shelving scheme Damaged status Not for loan Home library Current library Shelving location Total Checkouts Full call number Barcode Date last seen Copy number Koha item type
Dewey Decimal Classification     JCC Rouf Library JCC Rouf Library General Stacks   507.1/273 DIV 2017 8480 02/22/2018 C - 1 Books

JCC Library | Contacts | JCC Home

Last Update on 23 September 2017
Copyright @ 2017-2020 JCC Rouf Library
Rouf Library, Jhenidah Cadet College (JCC), Bangladesh